<?xml version="1.0" encoding="UTF-8"?>
<record
    xmlns:xsi="http://www.w3.org/2001/XMLSchema-instance"
    xsi:schemaLocation="http://www.loc.gov/MARC21/slim http://www.loc.gov/standards/marcxml/schema/MARC21slim.xsd"
    xmlns="http://www.loc.gov/MARC21/slim">

  <leader>00543    a2200193   4500</leader>
  <datafield tag="999" ind1=" " ind2=" ">
    <subfield code="c">31979</subfield>
    <subfield code="d">31979</subfield>
  </datafield>
  <controlfield tag="003">OSt</controlfield>
  <controlfield tag="005">20260206133746.0</controlfield>
  <controlfield tag="008">260206b           ||||| |||| 00| 0 eng d</controlfield>
  <datafield tag="020" ind1=" " ind2=" ">
    <subfield code="a">978-93-6074-846-3</subfield>
  </datafield>
  <datafield tag="040" ind1=" " ind2=" ">
    <subfield code="c">.</subfield>
  </datafield>
  <datafield tag="082" ind1=" " ind2=" ">
    <subfield code="a">629.8</subfield>
    <subfield code="b">N152</subfield>
  </datafield>
  <datafield tag="100" ind1=" " ind2=" ">
    <subfield code="9">2257</subfield>
    <subfield code="a">Nagrath, I. J.</subfield>
  </datafield>
  <datafield tag="245" ind1=" " ind2=" ">
    <subfield code="a">Control Systems Engineering /</subfield>
    <subfield code="c">I. J. Nagrath and M. Gopal</subfield>
  </datafield>
  <datafield tag="260" ind1=" " ind2=" ">
    <subfield code="b">New Age International Pvt Ltd Publishers,</subfield>
    <subfield code="a">New Delhi :</subfield>
    <subfield code="c">2025.</subfield>
  </datafield>
  <datafield tag="300" ind1=" " ind2=" ">
    <subfield code="a">922 p.</subfield>
  </datafield>
  <datafield tag="650" ind1=" " ind2="0">
    <subfield code="9">2259</subfield>
    <subfield code="a">Systems engineering</subfield>
  </datafield>
  <datafield tag="700" ind1=" " ind2=" ">
    <subfield code="9">2260</subfield>
    <subfield code="a">Gopal, M.</subfield>
  </datafield>
  <datafield tag="942" ind1=" " ind2=" ">
    <subfield code="2">ddc</subfield>
    <subfield code="c">BK</subfield>
  </datafield>
  <datafield tag="952" ind1=" " ind2=" ">
    <subfield code="0">0</subfield>
    <subfield code="1">0</subfield>
    <subfield code="2">ddc</subfield>
    <subfield code="4">0</subfield>
    <subfield code="7">0</subfield>
    <subfield code="8">NFIC</subfield>
    <subfield code="a">CL</subfield>
    <subfield code="b">CL</subfield>
    <subfield code="c">REF</subfield>
    <subfield code="d">2026-02-23</subfield>
    <subfield code="e">2</subfield>
    <subfield code="g">583.27</subfield>
    <subfield code="o">629.8 N152</subfield>
    <subfield code="p">14639</subfield>
    <subfield code="r">2026-02-23</subfield>
    <subfield code="v">799.00</subfield>
    <subfield code="w">2026-02-23</subfield>
    <subfield code="y">BK</subfield>
  </datafield>
  <datafield tag="952" ind1=" " ind2=" ">
    <subfield code="0">0</subfield>
    <subfield code="1">0</subfield>
    <subfield code="2">ddc</subfield>
    <subfield code="4">0</subfield>
    <subfield code="7">0</subfield>
    <subfield code="8">NFIC</subfield>
    <subfield code="a">CL</subfield>
    <subfield code="b">CL</subfield>
    <subfield code="d">2026-02-23</subfield>
    <subfield code="e">2</subfield>
    <subfield code="g">583.27</subfield>
    <subfield code="o">629.8 N152</subfield>
    <subfield code="p">14640</subfield>
    <subfield code="r">2026-02-23</subfield>
    <subfield code="v">799.00</subfield>
    <subfield code="w">2026-02-23</subfield>
    <subfield code="y">BK</subfield>
  </datafield>
  <datafield tag="952" ind1=" " ind2=" ">
    <subfield code="0">0</subfield>
    <subfield code="1">0</subfield>
    <subfield code="2">ddc</subfield>
    <subfield code="4">0</subfield>
    <subfield code="7">0</subfield>
    <subfield code="8">NFIC</subfield>
    <subfield code="a">CL</subfield>
    <subfield code="b">CL</subfield>
    <subfield code="d">2026-02-23</subfield>
    <subfield code="e">2</subfield>
    <subfield code="g">583.27</subfield>
    <subfield code="l">5</subfield>
    <subfield code="o">629.8 N152</subfield>
    <subfield code="p">14641</subfield>
    <subfield code="q">2026-05-17</subfield>
    <subfield code="r">2026-05-02</subfield>
    <subfield code="s">2026-05-02</subfield>
    <subfield code="v">799.00</subfield>
    <subfield code="w">2026-02-23</subfield>
    <subfield code="y">BK</subfield>
  </datafield>
  <datafield tag="952" ind1=" " ind2=" ">
    <subfield code="0">0</subfield>
    <subfield code="1">0</subfield>
    <subfield code="2">ddc</subfield>
    <subfield code="4">0</subfield>
    <subfield code="7">0</subfield>
    <subfield code="8">NFIC</subfield>
    <subfield code="a">CL</subfield>
    <subfield code="b">CL</subfield>
    <subfield code="d">2026-02-23</subfield>
    <subfield code="e">2</subfield>
    <subfield code="g">583.27</subfield>
    <subfield code="l">2</subfield>
    <subfield code="o">629.8 N152</subfield>
    <subfield code="p">14642</subfield>
    <subfield code="q">2026-05-17</subfield>
    <subfield code="r">2026-05-02</subfield>
    <subfield code="s">2026-05-02</subfield>
    <subfield code="v">799.00</subfield>
    <subfield code="w">2026-02-23</subfield>
    <subfield code="y">BK</subfield>
  </datafield>
  <datafield tag="952" ind1=" " ind2=" ">
    <subfield code="0">0</subfield>
    <subfield code="1">0</subfield>
    <subfield code="2">ddc</subfield>
    <subfield code="4">0</subfield>
    <subfield code="7">0</subfield>
    <subfield code="8">NFIC</subfield>
    <subfield code="a">CL</subfield>
    <subfield code="b">CL</subfield>
    <subfield code="d">2026-02-23</subfield>
    <subfield code="e">2</subfield>
    <subfield code="g">583.27</subfield>
    <subfield code="l">1</subfield>
    <subfield code="o">629.8 N152</subfield>
    <subfield code="p">14643</subfield>
    <subfield code="r">2026-03-16</subfield>
    <subfield code="s">2026-02-28</subfield>
    <subfield code="v">799.00</subfield>
    <subfield code="w">2026-02-23</subfield>
    <subfield code="y">BK</subfield>
  </datafield>
  <datafield tag="952" ind1=" " ind2=" ">
    <subfield code="0">0</subfield>
    <subfield code="1">0</subfield>
    <subfield code="2">ddc</subfield>
    <subfield code="4">0</subfield>
    <subfield code="7">0</subfield>
    <subfield code="8">NFIC</subfield>
    <subfield code="a">CL</subfield>
    <subfield code="b">CL</subfield>
    <subfield code="d">2026-02-23</subfield>
    <subfield code="e">2</subfield>
    <subfield code="g">583.27</subfield>
    <subfield code="o">629.8 N152</subfield>
    <subfield code="p">14644</subfield>
    <subfield code="r">2026-02-23</subfield>
    <subfield code="v">799.00</subfield>
    <subfield code="w">2026-02-23</subfield>
    <subfield code="y">BK</subfield>
  </datafield>
  <datafield tag="952" ind1=" " ind2=" ">
    <subfield code="0">0</subfield>
    <subfield code="1">0</subfield>
    <subfield code="2">ddc</subfield>
    <subfield code="4">0</subfield>
    <subfield code="7">0</subfield>
    <subfield code="8">NFIC</subfield>
    <subfield code="a">CL</subfield>
    <subfield code="b">CL</subfield>
    <subfield code="d">2026-02-23</subfield>
    <subfield code="e">2</subfield>
    <subfield code="g">583.27</subfield>
    <subfield code="o">629.8 N152</subfield>
    <subfield code="p">14645</subfield>
    <subfield code="r">2026-02-23</subfield>
    <subfield code="v">799.00</subfield>
    <subfield code="w">2026-02-23</subfield>
    <subfield code="y">BK</subfield>
  </datafield>
  <datafield tag="952" ind1=" " ind2=" ">
    <subfield code="0">0</subfield>
    <subfield code="1">0</subfield>
    <subfield code="2">ddc</subfield>
    <subfield code="4">0</subfield>
    <subfield code="7">0</subfield>
    <subfield code="8">NFIC</subfield>
    <subfield code="a">CL</subfield>
    <subfield code="b">CL</subfield>
    <subfield code="d">2026-02-23</subfield>
    <subfield code="e">2</subfield>
    <subfield code="g">583.27</subfield>
    <subfield code="o">629.8 N152</subfield>
    <subfield code="p">14646</subfield>
    <subfield code="r">2026-02-23</subfield>
    <subfield code="v">799.00</subfield>
    <subfield code="w">2026-02-23</subfield>
    <subfield code="y">BK</subfield>
  </datafield>
  <datafield tag="952" ind1=" " ind2=" ">
    <subfield code="0">0</subfield>
    <subfield code="1">0</subfield>
    <subfield code="2">ddc</subfield>
    <subfield code="4">0</subfield>
    <subfield code="7">0</subfield>
    <subfield code="8">NFIC</subfield>
    <subfield code="a">CL</subfield>
    <subfield code="b">CL</subfield>
    <subfield code="d">2026-02-23</subfield>
    <subfield code="e">2</subfield>
    <subfield code="g">583.27</subfield>
    <subfield code="o">629.8 N152</subfield>
    <subfield code="p">14647</subfield>
    <subfield code="r">2026-02-23</subfield>
    <subfield code="v">799.00</subfield>
    <subfield code="w">2026-02-23</subfield>
    <subfield code="y">BK</subfield>
  </datafield>
  <datafield tag="952" ind1=" " ind2=" ">
    <subfield code="0">0</subfield>
    <subfield code="1">0</subfield>
    <subfield code="2">ddc</subfield>
    <subfield code="4">0</subfield>
    <subfield code="7">0</subfield>
    <subfield code="8">NFIC</subfield>
    <subfield code="a">CL</subfield>
    <subfield code="b">CL</subfield>
    <subfield code="d">2026-02-23</subfield>
    <subfield code="e">2</subfield>
    <subfield code="g">583.27</subfield>
    <subfield code="o">629.8 N152</subfield>
    <subfield code="p">14648</subfield>
    <subfield code="r">2026-02-23</subfield>
    <subfield code="v">799.00</subfield>
    <subfield code="w">2026-02-23</subfield>
    <subfield code="y">BK</subfield>
  </datafield>
</record>
